Sports Champions XXI century - Statistics

General Stats
  • This quiz has been taken 63 times
    30 since last reset
  • The average score is 122 of 300
Answer Stats
Sport Competition/Event Year Champion % Correct
Basketball NBA 2010 Los Angeles Lakers
96%
Basketball NBA 2009 Los Angeles Lakers
96%
Basketball NBA 2002 Los Angeles Lakers
96%
Basketball NBA 2001 Los Angeles Lakers
96%
Basketball NBA 2000 Los Angeles Lakers
96%
Tennis Wimbledon 2010 Rafael Nadal
96%
Tennis Wimbledon 2008 Rafael Nadal
96%
Soccer World Cup 2002 Brazil
92%
Tennis Wimbledon 2012 Roger Federer
92%
Tennis Wimbledon 2009 Roger Federer
92%
Tennis Wimbledon 2007 Roger Federer
92%
Tennis Wimbledon 2006 Roger Federer
92%
Tennis Wimbledon 2005 Roger Federer
92%
Tennis Wimbledon 2004 Roger Federer
92%
Tennis Wimbledon 2003 Roger Federer
92%
Soccer World Cup 2010 Spain
92%
Basketball NBA 2008 Boston Celtics
88%
Rugby Six Nations 2010 France
88%
Rugby Six Nations 2007 France
88%
Rugby Six Nations 2006 France
88%
Rugby Six Nations 2004 France
88%
Rugby Six Nations 2002 France
88%
Soccer World Cup 2014 Germany
88%
Soccer World Cup 2006 Italy
88%
Athletics Olympic Games/100m 2016 Usain Bolt
85%
Athletics World Championships/100m 2015 Usain Bolt
85%
Athletics World Championships/100m 2013 Usain Bolt
85%
Athletics Olympic Games/100m 2012 Usain Bolt
85%
Athletics World Championships/100m 2009 Usain Bolt
85%
Athletics Olympic Games/100m 2008 Usain Bolt
85%
Soccer Champions League 2015 FC Barcelona
81%
Soccer Champions League 2011 FC Barcelona
81%
Soccer Champions League 2009 FC Barcelona
81%
Soccer Champions League 2006 FC Barcelona
81%
Basketball NBA 2013 Miami Heat
81%
Basketball NBA 2012 Miami Heat
81%
Basketball NBA 2006 Miami Heat
81%
Tennis Wimbledon 2015 Novak Djokovic
81%
Tennis Wimbledon 2014 Novak Djokovic
81%
Tennis Wimbledon 2011 Novak Djokovic
81%
Tennis Wimbledon 2016 Andy Murray
77%
Tennis Wimbledon 2013 Andy Murray
77%
Soccer Champions League 2012 Chelsea
77%
Rugby Six Nations 2016 England
77%
Rugby Six Nations 2011 England
77%
Rugby Six Nations 2003 England
77%
Rugby Six Nations 2001 England
77%
Rugby Six Nations 2000 England
77%
Rugby World Cup 2003 England
77%
Rugby Six Nations 2015 Ireland
77%
Rugby Six Nations 2014 Ireland
77%
Rugby Six Nations 2009 Ireland
77%
Soccer Champions League 2008 Manchester United
77%
Basketball NBA 2014 San Antonio Spurs
77%
Basketball NBA 2007 San Antonio Spurs
77%
Basketball NBA 2005 San Antonio Spurs
77%
Basketball NBA 2003 San Antonio Spurs
77%
Golf PGA Championship 2007 Tiger Woods
77%
Golf PGA Championship 2006 Tiger Woods
77%
Golf PGA Championship 2000 Tiger Woods
77%
Basketball NBA 2016 Cleveland Cavaliers
73%
Auto Racing F1 2015 Lewis Hamilton
73%
Auto Racing F1 2014 Lewis Hamilton
73%
Auto Racing F1 2008 Lewis Hamilton
73%
Swimming Olympic Games/200m freestyle 2008 Michael Phelps
73%
Swimming World Championships/200m freestyle 2007 Michael Phelps
73%
Swimming World Championships/200m freestyle 2005 Michael Phelps
73%
Rugby World Cup 2015 New Zealand
73%
Rugby World Cup 2011 New Zealand
73%
Soccer Champions League 2016 Real Madrid
73%
Soccer Champions League 2014 Real Madrid
73%
Soccer Champions League 2002 Real Madrid
73%
Soccer Champions League 2000 Real Madrid
73%
Soccer Champions League 2013 Bayern Munich
69%
Soccer Champions League 2001 Bayern Munich
69%
Basketball NBA 2011 Dallas Mavericks
69%
Basketball NBA 2004 Detroit Pistons
69%
Basketball NBA 2015 Golden State Warriors
69%
Auto Racing F1 2004 Michael Schumacher
69%
Auto Racing F1 2003 Michael Schumacher
69%
Auto Racing F1 2002 Michael Schumacher
69%
Auto Racing F1 2001 Michael Schumacher
69%
Auto Racing F1 2000 Michael Schumacher
69%
Football NFL 2014 New England Patriots
69%
Football NFL 2004 New England Patriots
69%
Football NFL 2003 New England Patriots
69%
Football NFL 2001 New England Patriots
69%
Rugby Six Nations 2013 Wales
69%
Rugby Six Nations 2012 Wales
69%
Rugby Six Nations 2008 Wales
69%
Rugby Six Nations 2005 Wales
69%
Soccer Champions League 2007 Milan
62%
Soccer Champions League 2003 Milan
62%
Football NFL 2011 New York Giants
62%
Football NFL 2007 New York Giants
62%
Football NFL 2008 Pittsburgh Steelers
62%
Football NFL 2005 Pittsburgh Steelers
62%
Baseball MLB 2014 San Francisco Giants
62%
Baseball MLB 2012 San Francisco Giants
62%
Baseball MLB 2010 San Francisco Giants
62%
Rugby World Cup 2007 South Africa
62%
Football NFL 2015 Denver Broncos
58%
Auto Racing F1 2006 Fernando Alonso
58%
Auto Racing F1 2005 Fernando Alonso
58%
Soccer Champions League 2005 Liverpool
58%
Golf PGA Championship 2009 Yan Young-eun
58%
Baseball MLB 2013 Boston Red Sox
54%
Baseball MLB 2007 Boston Red Sox
54%
Baseball MLB 2004 Boston Red Sox
54%
Football NFL 2010 Green Bay Packers
54%
Baseball MLB 2009 New York Yankees
54%
Baseball MLB 2000 New York Yankees
54%
Ice hockey NHL 2016 Pittsburgh Penguins
54%
Ice hockey NHL 2009 Pittsburgh Penguins
54%
Auto Racing F1 2013 Sebastian Vettel
54%
Auto Racing F1 2012 Sebastian Vettel
54%
Auto Racing F1 2011 Sebastian Vettel
54%
Auto Racing F1 2010 Sebastian Vettel
54%
Baseball MLB 2005 Chicago White Sox
50%
Football NFL 2006 Indianapolis Colts
50%
Soccer Champions League 2010 Inter Milan
50%
Football NFL 2009 New Orleans Saints
50%
Tennis Wimbledon 2000 Pete Sampras
50%
Soccer Champions League 2004 Porto
50%
Football NFL 2012 Baltimore Ravens
46%
Football NFL 2000 Baltimore Ravens
46%
Ice hockey NHL 2008 Detroit Red Wings
46%
Ice hockey NHL 2002 Detroit Red Wings
46%
Motorcycle MotoGP 2016 Marc Marquez
46%
Motorcycle MotoGP 2014 Marc Marquez
46%
Motorcycle MotoGP 2013 Marc Marquez
46%
Auto Racing F1 2016 Nico Rosberg
46%
Golf PGA Championship 2014 Rory McIlroy
46%
Golf PGA Championship 2012 Rory McIlroy
46%
Football NFL 2013 Seattle Seahawks
46%
Football NFL 2002 Tampa Bay Buccaneers
46%
Ice hockey NHL 2007 Anaheim Ducks
42%
Ice hockey NHL 2011 Boston Bruins
42%
Baseball MLB 2016 Chicago Cubs
42%
Ice hockey NHL 2014 Los Angeles Kings
42%
Ice hockey NHL 2012 Los Angeles Kings
42%
Motorcycle MotoGP 2009 Valentino Rossi
42%
Motorcycle MotoGP 2008 Valentino Rossi
42%
Motorcycle MotoGP 2005 Valentino Rossi
42%
Motorcycle MotoGP 2004 Valentino Rossi
42%
Motorcycle MotoGP 2003 Valentino Rossi
42%
Motorcycle MotoGP 2002 Valentino Rossi
42%
Motorcycle MotoGP 2001 Valentino Rossi
42%
Baseball MLB 2001 Arizona Diamondbacks
38%
Auto Racing F1 2009 Jenson Button
38%
Auto Racing F1 2007 Kimi Raikkonen
38%
Golf PGA Championship 2005 Phil Mickelson
38%
Baseball MLB 2011 St Louis Cardinals
38%
Baseball MLB 2006 St Louis Cardinals
38%
Baseball MLB 2002 Anaheim Angels
35%
Baseball MLB 2003 Florida Marlins
35%
Baseball MLB 2015 Kansas City Royals
35%
Ice hockey NHL 2003 New Jersey Devils
35%
Ice hockey NHL 2000 New Jersey Devils
35%
Baseball MLB 2008 Philadelphia Phillies
35%
Ice hockey NHL 2004 Tampa Bay Lightning
35%
Ice hockey NHL 2006 Carolina Hurricanes
31%
Ice hockey NHL 2015 Chicago Blackhawks
31%
Ice hockey NHL 2013 Chicago Blackhawks
31%
Ice hockey NHL 2010 Chicago Blackhawks
31%
Cycling Tour de France 2016 Chris Froome
31%
Cycling Tour de France 2015 Chris Froome
31%
Cycling Tour de France 2013 Chris Froome
31%
Ice hockey NHL 2001 Colorado Avalanche
31%
Tennis Wimbledon 2001 Goran Ivanisevic
31%
Athletics Olympic Games/400m 2000 Michael Johnson
31%
Boxing WBA heavyweight title defender 2014 Wladimir Klitschko
31%
Boxing WBA heavyweight title defender 2013 Wladimir Klitschko
31%
Boxing WBA heavyweight title defender 2012 Wladimir Klitschko
31%
Boxing WBA heavyweight title defender 2011 Wladimir Klitschko
31%
Cycling Tour de France 2009 Alberto Contador
27%
Cycling Tour de France 2007 Alberto Contador
27%
Cycling Giro d'Italia 2015 Alberto Contador
27%
Cycling Giro d'Italia 2008 Alberto Contador
27%
Cycling Tour de France 2012 Bradley Wiggins
27%
Boxing WBA heavyweight title defender 2015 Tyson Fury
27%
Athletics World Championships/100m 2007 Tyson Gay
27%
Cycling Tour de France 2014 Vincenzo Nibali
27%
Cycling Giro d'Italia 2016 Vincenzo Nibali
27%
Cycling Giro d'Italia 2013 Vincenzo Nibali
27%
Motorcycle MotoGP 2011 Casey Stoner
23%
Motorcycle MotoGP 2007 Casey Stoner
23%
Boxing WBA heavyweight title defender 2000 Evander Holyfield
23%
Motorcycle MotoGP 2015 Jorge Lorenzo
23%
Motorcycle MotoGP 2012 Jorge Lorenzo
23%
Motorcycle MotoGP 2010 Jorge Lorenzo
23%
Athletics World Championships/100m 2005 Justin Gatlin
23%
Athletics Olympic Games/100m 2004 Justin Gatlin
23%
Tennis Wimbledon 2002 Lleyton Hewitt
23%
Golf PGA Championship 2003 Shaun Micheel
23%
Cycling Tour de France 2008 Carlos Sastre
19%
Motorcycle MotoGP 2006 Nicky Hayden
19%
Cycling Tour de France 2010 Andy Schleck
15%
Cycling Tour de France 2011 Cadel Evans
15%
Golf PGA Championship 2015 Jason Day
15%
Golf PGA Championship 2013 Jason Dufner
15%
Golf PGA Championship 2011 Keegan Bradley
15%
Cycling Giro d'Italia 2014 Nairo Quintana
15%
Cycling Tour de France 2006 Oscar Pereiro
15%
Cycling Giro d'Italia 2004 Damiano Cunego
12%
Cycling Giro d'Italia 2007 Danilo Di Luca
12%
Swimming Olympic Games/200m freestyle 2004 Ian Thorpe
12%
Swimming World Championships/200m freestyle 2003 Ian Thorpe
12%
Swimming World Championships/200m freestyle 2001 Ian Thorpe
12%
Cycling Giro d'Italia 2010 Ivan Basso
12%
Cycling Giro d'Italia 2006 Ivan Basso
12%
Golf PGA Championship 2016 Jimmy Walker
12%
Motorcycle MotoGP 2000 Kenny Roberts Jr
12%
Athletics World Championships/100m 2001 Maurice Greene
12%
Athletics Olympic Games/100m 2000 Maurice Greene
12%
Cycling Giro d'Italia 2011 MIchele Scarponi
12%
Golf PGA Championship 2008 Padraig Harrington
12%
Cycling Giro d'Italia 2005 Paolo Savoldelli
12%
Cycling Giro d'Italia 2002 Paolo Savoldelli
12%
Boxing WBA heavyweight title defender 2003 Roy Jones Jr
12%
Cycling Giro d'Italia 2012 Ryder Hesjedal
12%
Golf PGA Championship 2004 Vijay Singh
12%
Boxing WBA heavyweight title defender 2010 David Haye
8%
Boxing WBA heavyweight title defender 2009 David Haye
8%
Cycling Giro d'Italia 2009 Denis Menchov
8%
Athletics Olympic Games/Marathon 2016 Eliud Kipchoge
8%
Cycling Giro d'Italia 2003 Gilberto Simoni
8%
Cycling Giro d'Italia 2001 Gilberto Simoni
8%
Boxing WBA heavyweight title defender 2004 John Ruiz
8%
Boxing WBA heavyweight title defender 2002 John Ruiz
8%
Boxing WBA heavyweight title defender 2001 John Ruiz
8%
Athletics World Championships/100m 2003 Kim Collins
8%
Golf PGA Championship 2010 Martin Kaymer
8%
Boxing WBA heavyweight title defender 2008 Nikolay Valuev
8%
Boxing WBA heavyweight title defender 2006 Nikolay Valuev
8%
Boxing WBA heavyweight title defender 2005 Nikolay Valuev
8%
Golf PGA Championship 2002 Rich Beem
8%
Swimming World Championships/200m freestyle 2011 Ryan Lochte
8%
Athletics Olympic Games/Marathon 2004 Stefano Baldini
8%
Swimming Olympic Games/200m freestyle 2016 Sun Yang
8%
Swimming World Championships/1500m freestyle 2013 Sun Yang
8%
Swimming Olympic Games/1500m freestyle 2012 Sun Yang
8%
Swimming World Championships/1500m freestyle 2011 Sun Yang
8%
Athletics World Championships/400m 2003 Tyree Washington
8%
Athletics Olympic Games/400m 2016 Wayde Van Niekerk
8%
Athletics World Championships/400m 2015 Wayde Van Niekerk
8%
Athletics World Championships/400m 2001 Avard Moncur
4%
Golf PGA Championship 2001 David Toms
4%
Athletics World Championships/Marathon 2001 Gezahegne Abera
4%
Athletics Olympic Games/Marathon 2000 Gezahegne Abera
4%
Swimming World Championships/1500m freestyle 2005 Grant Hackett
4%
Swimming Olympic Games/1500m freestyle 2004 Grant Hackett
4%
Swimming World Championships/1500m freestyle 2003 Grant Hackett
4%
Swimming World Championships/1500m freestyle 2001 Grant Hackett
4%
Swimming Olympic Games/1500m freestyle 2000 Grant Hackett
4%
Swimming Olympic Games/1500m freestyle 2016 Gregorio Paltrinieri
4%
Swimming World Championships/1500m freestyle 2015 Gregorio Paltrinieri
4%
Swimming World Championships/200m freestyle 2015 James Guy
4%
Athletics World Championships/400m 2007 Jeremy Wariner
4%
Athletics World Championships/400m 2005 Jeremy Wariner
4%
Athletics Olympic Games/400m 2004 Jeremy Wariner
4%
Athletics Olympic Games/400m 2012 Kirani James
4%
Athletics World Championships/400m 2011 Kirani James
4%
Athletics World Championships/400m 2013 LaShawn Merritt
4%
Athletics World Championships/400m 2009 LaShawn Merritt
4%
Athletics Olympic Games/400m 2008 LaShawn Merritt
4%
Swimming Olympic Games/200m freestyle 2000 Pieter van den Hoogenband
4%
Squash World Championship 2014 Ramy Ashour
4%
Squash World Championship 2012 Ramy Ashour
4%
Squash World Championship 2008 Ramy Ashour
4%
Boxing WBA heavyweight title defender 2007 Ruslan Chagaev
4%
Cycling Giro d'Italia 2000 Stefano Garzelli
4%
Athletics World Championships/Marathon 2013 Stephen Kiprotich
4%
Athletics Olympic Games/Marathon 2012 Stephen Kiprotich
4%
Swimming World Championships/200m freestyle 2013 Yannick Agnel
4%
Swimming Olympic Games/200m freestyle 2012 Yannick Agnel
4%
Athletics World Championships/100m 2011 Yohan Blake
4%
Athletics World Championships/Marathon 2011 Abel Kirui
0%
Athletics World Championships/Marathon 2009 Abel Kirui
0%
Squash World Championship 2009 Amr Shabana
0%
Squash World Championship 2007 Amr Shabana
0%
Squash World Championship 2005 Amr Shabana
0%
Squash World Championship 2003 Amr Shabana
0%
Squash World Championship 2006 David Palmer
0%
Squash World Championship 2002 David Palmer
0%
Athletics World Championships/Marathon 2015 Ghirmay Ghebreslassie
0%
Squash World Championship 2015 Gregory Gaultier
0%
Athletics World Championships/Marathon 2005 Jaouad Gharib
0%
Athletics World Championships/Marathon 2003 Jaouad Gharib
0%
Squash World Championship 2016 Karim Abdel Gawad
0%
Athletics World Championships/Marathon 2007 Luke Kibet
0%
Swimming World Championships/1500m freestyle 2007 Mateusz Sawrymowicz
0%
Squash World Championship 2013 Nick Matthew
0%
Squash World Championship 2011 Nick Matthew
0%
Squash World Championship 2010 Nick Matthew
0%
Swimming World Championships/1500m freestyle 2009 Oussama Mellouli
0%
Swimming Olympic Games/1500m freestyle 2008 Oussama Mellouli
0%
Swimming World Championships/200m freestyle 2009 Paul Biedermann
0%
Athletics Olympic Games/Marathon 2008 Samuel Wanjiru
0%
Squash World Championship 2004 Thierry Lincou
0%
No matching quizzes found
Score Distribution
Percent of People with Each Score
Percentile by Number Answered
Your Score History
You have not taken this quiz since the last reset